<?xml version="1.0" encoding="UTF-8"?>
<record
    xmlns:xsi="http://www.w3.org/2001/XMLSchema-instance"
    xsi:schemaLocation="http://www.loc.gov/MARC21/slim http://www.loc.gov/standards/marcxml/schema/MARC21slim.xsd"
    xmlns="http://www.loc.gov/MARC21/slim">

  <leader>01536nam a22002777a 4500</leader>
  <controlfield tag="005">20100906104624.0</controlfield>
  <controlfield tag="008">100906t        xxu||||| |||| 00| 0 hin d</controlfield>
  <datafield tag="010" ind1=" " ind2=" ">
    <subfield code="a">HIN-90409</subfield>
  </datafield>
  <datafield tag="020" ind1=" " ind2=" ">
    <subfield code="c">895.00</subfield>
    <subfield code="a">8181820355</subfield>
  </datafield>
  <datafield tag="035" ind1=" " ind2=" ">
    <subfield code="a">HN-62755</subfield>
  </datafield>
  <datafield tag="037" ind1=" " ind2=" ">
    <subfield code="b">DBAD/PUN</subfield>
  </datafield>
  <datafield tag="040" ind1=" " ind2=" ">
    <subfield code="a">DPL</subfield>
    <subfield code="b">HN</subfield>
  </datafield>
  <datafield tag="082" ind1=" " ind2=" ">
    <subfield code="a">824</subfield>
  </datafield>
  <datafield tag="100" ind1=" " ind2=" ">
    <subfield code="9">18464</subfield>
    <subfield code="a">&#x926;&#x92F;&#x93E;&#x915;&#x943;&#x937;&#x94D;&#x923;</subfield>
  </datafield>
  <datafield tag="245" ind1=" " ind2=" ">
    <subfield code="a">&#x92D;&#x93E;&#x930;&#x924;&#x940;&#x92F; &#x90F;&#x935;&#x902; &#x92A;&#x93E;&#x936;&#x94D;&#x91A;&#x93E;&#x924;&#x94D;&#x92F; &#x926;&#x93E;&#x930;&#x94D;&#x936;&#x928;&#x93F;&#x915; &#x92A;&#x930;&#x92E;&#x94D;&#x92A;&#x930;&#x93E;&#x90F;&#x902; /</subfield>
    <subfield code="c">&#x926;&#x92F;&#x93E;&#x915;&#x943;&#x937;&#x94D;&#x923;;&#x92F;&#x94B;&#x917;&#x947;&#x936; &#x917;&#x941;&#x92A;&#x94D;&#x924;&#x93E; &#x926;&#x94D;&#x935;&#x93E;&#x930;&#x93E; &#x938;&#x902;&#x92A;&#x93E;&#x926;&#x93F;&#x924;</subfield>
  </datafield>
  <datafield tag="260" ind1=" " ind2=" ">
    <subfield code="a">&#x91C;&#x92F;&#x92A;&#x941;&#x930;</subfield>
    <subfield code="b">&#x92F;&#x942;.&#x91C;&#x940;.&#x938;&#x940;. &#x906;&#x936;&#x940;&#x936; &#x92A;&#x94D;&#x930;&#x94B;&#x917;&#x94D;&#x930;&#x93E;&#x92E; &#x935; &#x932;&#x93F;&#x91F;&#x94D;&#x930;&#x947;&#x930;&#x940; &#x938;&#x930;&#x94D;&#x915;&#x93F;&#x932;</subfield>
    <subfield code="c">2006</subfield>
  </datafield>
  <datafield tag="270" ind1=" " ind2=" ">
    <subfield code="a">&#x938;&#x940;-12/13, &#x92A;&#x94D;&#x930;&#x925;&#x92E; &#x924;&#x932;, &#x916;&#x923;&#x94D;&#x921;&#x947;&#x932;&#x935;&#x93E;&#x932; &#x917;&#x932;&#x94D;&#x930;&#x94D;&#x938; &#x915;&#x949;&#x932;&#x947;&#x91C; &#x915;&#x947; &#x938;&#x93E;&#x92E;&#x928;&#x947;, &#x938;&#x902;&#x938;&#x93E;&#x930;&#x91A;&#x928;&#x94D;&#x926;&#x94D;&#x930; &#x930;&#x94B;&#x921;</subfield>
    <subfield code="b">&#x91C;&#x92F;&#x92A;&#x941;&#x930;</subfield>
    <subfield code="e">302001</subfield>
    <subfield code="m">literarycirclejpr@yahoo.com</subfield>
  </datafield>
  <datafield tag="300" ind1=" " ind2=" ">
    <subfield code="a">xiii,531&#x92A;&#x943;.</subfield>
    <subfield code="c">22&#x938;&#x947;&#x92E;&#x940; (&#x938;&#x91C;&#x93F;&#x932;&#x94D;&#x926;)</subfield>
  </datafield>
  <datafield tag="490" ind1=" " ind2=" ">
    <subfield code="a">&#x92F;&#x942;.&#x91C;&#x940;.&#x938;&#x940;.&#x906;&#x936;&#x940;&#x936; &#x915;&#x93E;&#x930;&#x94D;&#x92F;&#x915;&#x94D;&#x930;&#x92E;, &#x926;&#x930;&#x94D;&#x936;&#x928; &#x935;&#x93F;&#x92D;&#x93E;&#x917; &#x92A;&#x941;&#x938;&#x94D;&#x924;&#x915; &#x936;&#x94D;&#x930;&#x943;&#x902;&#x916;&#x932;&#x93E;-1</subfield>
    <subfield code="9">25002</subfield>
  </datafield>
  <datafield tag="650" ind1=" " ind2=" ">
    <subfield code="9">1169</subfield>
  </datafield>
  <datafield tag="650" ind1=" " ind2=" ">
    <subfield code="9">18465</subfield>
  </datafield>
  <datafield tag="700" ind1=" " ind2=" ">
    <subfield code="9">18865</subfield>
    <subfield code="a">&#x917;&#x941;&#x92A;&#x94D;&#x924;&#x93E;, &#x92F;&#x94B;&#x917;&#x947;&#x936;</subfield>
  </datafield>
  <datafield tag="700" ind1=" " ind2=" ">
    <subfield code="9">18866</subfield>
  </datafield>
  <datafield tag="942" ind1=" " ind2=" ">
    <subfield code="2">ddc</subfield>
    <subfield code="c">HN</subfield>
    <subfield code="h">824</subfield>
    <subfield code="m">&#x926;&#x92F;&#x93E;&#x915;&#x943;</subfield>
  </datafield>
  <datafield tag="999" ind1=" " ind2=" ">
    <subfield code="c">44758</subfield>
    <subfield code="d">44758</subfield>
  </datafield>
  <datafield tag="952" ind1=" " ind2=" ">
    <subfield code="0">0</subfield>
    <subfield code="1">0</subfield>
    <subfield code="2">ddc</subfield>
    <subfield code="4">0</subfield>
    <subfield code="7">1</subfield>
    <subfield code="8">NFIC</subfield>
    <subfield code="a">DBAD</subfield>
    <subfield code="b">DBAD</subfield>
    <subfield code="d">2010-09-09</subfield>
    <subfield code="e">DBAD / PUB</subfield>
    <subfield code="g">895.00</subfield>
    <subfield code="l">0</subfield>
    <subfield code="o">824 &#x926;&#x92F;&#x93E;&#x915;&#x943;</subfield>
    <subfield code="p">HN-62755</subfield>
    <subfield code="r">2010-09-09 00:00:00</subfield>
    <subfield code="t">1</subfield>
    <subfield code="v">895.00</subfield>
    <subfield code="y">HN</subfield>
  </datafield>
</record>
